000 00498nam a2200181Ia 4500
001 1988
005 20260306143809.0
008 260306t2011||||xx |||||||||||||| ||spa||
041 _aESP
082 _a158.72
_bG45
100 _aGil-Monte, Pedro R.
_eAUT
245 0 _aEl síndrome de quemarse por el trabajo (burnout):
_buna enfermedad laboral en la sociedad del bienestar
260 _c2011
300 _a186 páginas :
_c24 cm.
650 _aGEN
654 _aCPS
942 _cLIB
_dJUS
_fJUS
_2ddc
_n
999 _c1988
_d1988